| 000 | 00366nam a2200121Ia 4500 | ||
|---|---|---|---|
| 008 | 250110s9999 xx 000 0 und d | ||
| 041 | _aeng | ||
| 100 | _aDatar Tejaswini | ||
| 245 | _aEnvironmental Impact Of Civil Renovation In Residential Buildings - a Case Of Pune And Nasik | ||
| 260 |
_bBNCA M Arch EA, Pune _c2017 |
||
| 300 | _a50p | ||
| 700 | _aGuide Name:BNCA | ||
| 999 |
_c364048 _d364048 |
||